Democracia y Libertad. Compromiso político económico y social del movimiento sindical Libre
Bewaard in:
| Coauteur: | |
|---|---|
| Formaat: | Texto |
| Gepubliceerd in: |
Caracas:
ILDIS
|
| Tags: |
Voeg label toe
Geen labels, Wees de eerste die dit record labelt!
|
MARC
| LEADER | 00000 a a2200000 04500 | ||
|---|---|---|---|
| 001 | 23161 | ||
| 003 | |||
| 040 | |||
| 090 | |a 160000 | ||
| 110 | |a Instituto Latinoamericano de Investigaciones Sociales | ||
| 245 | |a Democracia y Libertad. Compromiso político económico y social del movimiento sindical Libre | ||
| 260 | |a Caracas: |b ILDIS | ||
| 300 | |a 309 p. | ||
| 999 | |c 13510 |d 13510 | ||
